000 00219nam a22000857a 4500
008 160629b xxu||||| |||| 00| 0 eng d
100 _91415
_aRajaramaan, D
245 _aComputer A Child's Play
260 _aN.D
_b Prentice
_c1986
999 _c1171
_d1171